[Event "Elite Hotels Open 2019"]
[Site "Vaxjo"]
[Date "2019.02.08"]
[Round "2.4"]
[White "Blomqvist, Erik"]
[Black "Johansson, Roland"]
[Result "1-0"]
[WhiteElo "2483"]
[BlackElo "2033"]
[Annotator "TA"]
[PlyCount "89"]
[EventDate "2019.02.08"]
[EventType "swiss"]
[EventCountry "SWE"]
[SourceTitle "playchess.com"]
[Source "ChessBase"]
[SourceQuality "1"]

{[%evp 15,89,13,15,22,18,-5,21,10,5,0,4,0,29,-41,-48,-50,57,51,60,66,66,62,60,50,126,111,262,256,250,252,440,337,503,280,281,281,337,262,277,234,259,256,247,248,262,261,378,379,511,506,529,518,526,502,657,537,537,533,511,511,1024,959,970,916,825,783,1219,1143,1103,1074,29974,29975,29974,29977,29970,4810]} 1. e4 c5 2. Nf3 Nc6 3. c3 d5 4. exd5 Qxd5 5. d4 e5 6. Nxe5 Nxe5 7. dxe5 Qxe5+ 8. Be3 Bd7 9. Na3 {B22: Sicilian: 2 c3} (9. Nd2 O-O-O 10. Be2 Nf6 11. O-O Qc7 12. Bf3 h5 13. g3 h4 14. Bf4 Bd6 15. Bxd6 Qxd6 16. Nc4 Qxd1 17. Rfxd1 {½-½ (43) Robson,R (2560)-Rasulov,V (2522) Chennai 2011}) 9... Nf6 10. Bb5 Rd8 $146 {White must now prevent ...Bxb5.} ({Predecessor:} 10... Bxb5 11. Nxb5 Be7 12. O-O a6 13. Na3 O-O 14. Re1 Rad8 15. Qf3 {½-½ (15) Ochoa de Echaguen,F (2410)-Armas,J (2365) Bayamo 1981}) 11. Qa4 {The position is equal.} a6 $1 {[%cal Ra6b5]} 12. Bxd7+ Rxd7 13. Rd1 Nd5 14. Nc4 (14. O-O $11 Bd6 15. g3 Nxe3 16. Rde1 {[%mdl 64] Pin} (16. fxe3 Qe7 $14) 16... Nxf1 17. Rxe5+ Bxe5 18. Kxf1) 14... Qe6 $15 15. Rxd5 $1 {[%mdl 64] [#] Remove Defender, Decoy} Qxd5 ({Black should try} 15... b5 $15 16. Re5 bxa4) 16. Nb6 $36 {[%mdl 2112] Double Attack. White fights for an advantage.} Qe6 17. Nxd7 Qxd7 18. Qe4+ Qe7 19. Qf5 {And now Qc8+ would win.} Qd7 (19... Qe6 $14 20. Qxe6+ fxe6) 20. Qe5+ $16 Qe7 $2 (20... Kd8 $16 {keeps fighting.}) 21. Qb8+ $18 Qd8 22. Qxb7 a5 $2 (22... Bd6 23. Qxa6 O-O) 23. O-O Bd6 (23... Be7 $142 24. Bxc5 Bxc5) 24. Qb5+ Qd7 25. Qxa5 O-O 26. c4 Qe6 27. Qc3 ({Weaker is} 27. Bxc5 Qe5 $11) 27... Ra8 28. a3 Rb8 29. b3 Be5 30. Qd3 Qb6 (30... Bd6 $142 31. Rd1 Be7) 31. Rd1 h6 {[#]} 32. b4 $1 Qc7 (32... cxb4 33. Bxb6) 33. Bxc5 Bxh2+ 34. Kf1 Qf4 35. Bd6 Qxd6 36. Qxd6 Bxd6 37. Rxd6 {[%mdl 4096] Endgame KR-KR} Ra8 (37... Kf8 $142 38. c5 Ke7) 38. Rd3 Kf8 39. c5 Ke7 40. Ke2 Ke6 41. c6 Rb8 42. Ke3 Rb6 43. Rc3 {White mates.} Rb8 44. c7 Rc8 45. b5 {Accuracy: White = 65%, Black = 24%.} (45. Kd4 $142 Kd7 46. b5 Ra8 47. b6 Kc8 48. Kc5 Kb7 49. Kb5 f5 50. a4) 1-0

[Event "Elite Hotels Open 2019"]
[Site "Vaxjo"]
[Date "2019.02.08"]
[Round "2.5"]
[White "Torngren, Gustav"]
[Black "Golubka, Petro"]
[Result "1/2-1/2"]
[WhiteElo "2057"]
[BlackElo "2471"]
[Annotator "TA"]
[PlyCount "168"]
[EventDate "2019.02.08"]
[EventType "swiss"]
[EventCountry "SWE"]
[SourceTitle "playchess.com"]
[Source "ChessBase"]
[SourceQuality "1"]

{[%evp 17,168,0,6,-22,-35,-64,-65,-66,-46,-46,-47,-53,-48,-40,-33,-31,-15,-35,-38,-95,-83,-108,-92,-94,-87,-85,-15,-22,-17,-22,27,31,22,0,0,-130,0,0,0,0,47,59,112,61,72,37,178,168,250,145,299,298,305,302,304,301,315,312,287,266,366,315,333,344,437,334,331,297,325,325,303,0,254,169,304,223,225,0,0,0,62,0,0,0,345,362,393,382,420,419,421,389,396,397,472,439,553,497,593,587,590,350,350,0,585,584,593,581,792,792,782,763,773,700,679,666,789,606,595,595,543,597,586,575,599,584,835,367,492,479,469,243,339,324,292,232,204,16,16,0,0,0,0,0,0,-5,-5,-31,-37,-37,-38,-38,0]} 1. d4 {Sumets,A} Nf6 2. c4 g6 3. Nc3 d5 4. cxd5 Nxd5 5. Bd2 Bg7 6. e4 Nb6 7. Be3 O-O 8. h3 e5 {D85: Exchange Grünfeld: Unusual White 7th moves and lines with 7 Nf3} 9. d5 c6 $1 {LiveBook: 20 Games} 10. dxc6 $146 ({Predecessor:} 10. Qb3 cxd5 11. exd5 e4 12. Rd1 N8d7 13. Nge2 Ne5 14. Nd4 Re8 15. Bb5 Nd3+ 16. Bxd3 exd3 17. Rxd3 {0-1 (49) Ragger,M (2672)-Grischuk,A (2785) Warsaw 2013 CBM 158 [Sumets,A]}) 10... Nxc6 {The position is equal.} 11. Nf3 Nd4 12. Be2 Be6 13. O-O Nxe2+ 14. Nxe2 Nc4 15. Bc1 Nd6 16. Nc3 b5 {[%cal Bb7b5,Bb5b4][%mdl 32]} 17. Be3 {Black should prevent Bc5.} Rc8 18. Ng5 (18. Rc1 $15) 18... Bc4 $17 19. Re1 b4 $1 {[%cal Rb4c3]} 20. Nd5 {[#]} Nxe4 $1 {[%mdl 512]} 21. Nxe4 Qxd5 (21... Bxd5 $17 22. Bc5 Re8 23. Bxb4 Rc4) 22. Qxd5 $11 Bxd5 23. Bc5 $1 f5 {Threatens to win with ...Rfd8.} 24. Bxf8 Kxf8 25. Ng5 h6 26. Rad1 (26. Red1 $11) 26... Rc5 (26... Bxa2 $17 27. Nf3 e4) 27. Nf3 e4 28. Nd4 Bf7 29. b3 Bd5 ({Black should play} 29... Bf6 $14) 30. Ne2 (30. Re2 $16) 30... Be5 $14 31. g3 (31. Rc1 $5 {[%cal Rc1c5]} Ra5 32. Red1 $14) 31... g5 (31... Kf7 $14) 32. Nd4 $18 f4 {[#]} (32... Bxd4 $142 33. Rxd4 a5) 33. gxf4 (33. Rxe4 $1 $18 {[%mdl 512]} Bxe4 34. Ne6+ Ke7 35. Nxc5) 33... gxf4 $2 {[#]} (33... Bxf4 $16 34. Rxe4 Kf7) 34. Rxe4 $1 {[%mdl 512]} Bxe4 35. Ne6+ Ke7 36. Nxc5 {[%mdl 4096] Endgame KRN-KB} Bc6 37. Nd3 Bd6 38. Rc1 Bb5 39. Nb2 a6 40. Nc4 Bc7 41. Re1+ Kf6 42. Nd2 Be5 43. Rc1 Ke6 44. Re1 $2 (44. Kg2 $18) 44... Kd5 $2 {[%mdl 8192]} (44... Kf6 $1 $11) 45. Nf3 Bf6 (45... Bc3 {was called for.}) 46. Kg2 Bc6 {[#]} 47. Rd1+ $2 (47. Kh2 $1 $18) 47... Ke6 $11 48. Re1+ Kf5 ({Black should try} 48... Kd5 $11) 49. Rd1 (49. Rc1 $14 Bc3 50. Rd1) 49... Ke6 $1 50. Rc1 Kd6 $2 {[%mdl 8192]} (50... Bc3 $11) 51. Rc4 $1 $18 {[%csl LRb4,LRf4]} Bc3 52. Rxf4 a5 53. Rh4 Bg7 54. Rg4 Bc3 55. Rg6+ Kd7 56. Kg3 h5 57. Kf4 Bd5 58. Ne5+ Kc7 59. Rg7+ Kd6 {[#]} 60. Rg6+ $2 (60. Rd7+ $1 Ke6 61. Rxd5 Kxd5 62. Nc4) 60... Kc7 $1 61. Ra6 Bg2 62. h4 Bd2+ 63. Kg3 Be4 64. Rxa5 Bc3 65. Nc4 Bb1 66. f4 Kd7 67. Ra6 Be1+ 68. Kf3 Bxh4 69. Ne5+ Kc7 70. Rc6+ Kb7 71. Rc1 Bxa2 72. Ke3 (72. Nc6 $142 Kb6 73. Nd4) 72... Bf6 73. Rc4 Be7 74. Nd3 (74. Nc6 $142 Bf6 75. Na5+ Kb6 76. Rxb4+ Kc5 77. Rb8) 74... h4 75. Nxb4 Bxb3 76. Re4 Bc5+ 77. Ke2 $2 (77. Kf3 $18) 77... h3 $11 {White must now prevent ...h2.} 78. Nd3 h2 79. Nxc5+ Kc6 80. Nxb3 {Re6+ is the strong threat.} h1=Q 81. Na5+ Kd7 82. Re5 Qg2+ {[%mdl 1024] Black is slightly better. Black has compensation.} 83. Ke3 Qg3+ 84. Ke4 Qg2+ {Precision: White = 49%, Black = 40%.} 1/2-1/2

[Event "Elite Hotels Open 2019"]
[Site "Vaxjo"]
[Date "2019.02.08"]
[Round "2.6"]
[White "Gritsak, Orest"]
[Black "Petersson, Kjell"]
[Result "1-0"]
[WhiteElo "2466"]
[BlackElo "2022"]
[Annotator "TA"]
[PlyCount "115"]
[EventDate "2019.02.08"]
[EventType "swiss"]
[EventCountry "SWE"]
[SourceTitle "playchess.com"]
[Source "ChessBase"]
[SourceQuality "1"]

{[%evp 9,115,33,22,22,36,43,38,27,25,21,19,16,16,16,16,17,12,25,14,12,17,8,14,0,25,18,24,17,41,19,34,41,35,34,49,32,44,25,42,20,47,30,30,30,27,29,47,39,138,135,135,143,178,175,243,214,258,214,189,183,277,202,191,159,383,387,445,349,354,352,352,351,350,340,343,257,318,329,525,515,706,649,1665,1395,1497,1487,5631,5819,3451,3451,29977,29976,29978,29979,29978,29979,29984,29985,29985,29986,29987,29988,29988,29987,29987,29983,29980,29980]} 1. Nf3 f5 2. b3 Nf6 3. Bb2 e6 4. g3 b6 (4... d5 5. Bg2 c6 6. O-O Bd6 7. d3 O-O 8. Nbd2 Nbd7 9. e4 fxe4 10. dxe4 e5 11. Qe2 Re8 12. Rad1 Qc7 13. exd5 cxd5 14. c4 d4 15. Ng5 Nc5 {½-½ (40) Khismatullin,D (2621)-Sokolin,L (2508) St Petersburg 2018}) 5. Bg2 Bb7 6. c4 {A04: Unusual lines after 1 Nf3 and King's Indian Attack} a5 7. Nc3 Be7 8. a3 $146 {White is slightly better.} ({Predecessor:} 8. O-O O-O 9. d4 Ne4 10. d5 Bf6 11. Nd4 Nxc3 12. Bxc3 {1-0 (33) Galliamova,A (2505)-Zaitseva,L (2370) Elista 1998}) 8... O-O 9. O-O Ne4 10. Nxe4 Bxe4 11. d3 Bb7 12. e3 Bf6 13. d4 d6 14. b4 Qe7 15. Qb3 Be4 16. Bc3 axb4 17. axb4 Nd7 18. b5 Kh8 19. Rfd1 Rfd8 20. Nd2 Bxg2 21. Kxg2 e5 22. Bb2 Qe8 23. Qc2 Qh5 24. Nf1 f4 {( -> ...f3+)} 25. exf4 exf4 26. Qe4 Rxa1 27. Rxa1 fxg3 28. hxg3 Qe8 {[#]} (28... Qf7 $14) 29. Qxe8+ $1 $16 Rxe8 30. Ne3 h6 31. Nd5 Re2 (31... Rc8 {was necessary.} 32. Ra7 Bd8) 32. Bc3 $18 Rc2 33. Ra3 Bg5 34. Nb4 Re2 (34... Rc1 $142 35. f4 Be7) 35. Kf1 Re8 36. Nd5 Rf8 $2 (36... Rc8 $16 {was called for.} 37. Ra7 Bd8) 37. Nxc7 Be3 38. Ra8 Rxa8 39. Nxa8 {[%mdl 4096] Endgame KBN-KBN} Bg5 40. Nc7 Kg8 41. Ke2 Kf7 42. Nd5 Bd8 43. Bd2 g5 (43... Nf8 $142 44. Kd3 Ke6) 44. g4 Nf6 45. Nxf6 Bxf6 {KB-KB} 46. Kd3 Be7 47. Ke4 Ke6 48. f4 Bd8 49. Be3 Be7 50. fxg5 {White mates.} hxg5 51. d5+ {[%mdl 64] [#] Discovered Attack} Kd7 52. Bxb6 Kc8 53. Kf5 Kd7 54. Ba5 Kc8 55. Ke6 Bf8 56. Kf7 Bh6 57. Kg6 Bf8 58. Kxg5 {Accuracy: White = 62%, Black = 37%.} 1-0

[Event "Elite Hotels Open 2019"]
[Site "Vaxjo"]
[Date "2019.02.08"]
[Round "2.7"]
[White "Mardell, Jonas"]
[Black "Cramling, Pia"]
[Result "1-0"]
[WhiteElo "2029"]
[BlackElo "2462"]
[Annotator "ChessBase"]
[PlyCount "95"]
[EventDate "2019.02.08"]
[EventType "swiss"]
[EventCountry "SWE"]
[SourceTitle "playchess.com"]
[Source "ChessBase"]
[SourceQuality "1"]
[TimeControl "900+5"]

1. e4 {[%emt 0:00:00]} c5 {[%emt 0:00:00]} 2. Nf3 {[%emt 0:00:08]} d6 {[%emt 0:00:01]} 3. d4 {[%emt 0:00:02]} cxd4 {[%emt 0:00:02]} 4. Nxd4 {[%emt 0:00:02]} Nf6 {[%emt 0:00:01]} 5. Nc3 {[%emt 0:00:02]} a6 {[%emt 0:00:01]} 6. Bg5 {[%emt 0:00:17]} Nc6 {[%emt 0:00:11]} 7. Be2 {[%emt 0:02:12]} e6 {[%emt 0:00:16]} 8. O-O {[%emt 0:00:29]} Be7 {[%emt 0:00:23]} 9. a4 {[%emt 0:00:21]} Bd7 {[%emt 0:00:23]} 10. Kh1 {[%emt 0:00:52]} h6 {[%emt 0:00:54]} 11. Be3 {[%emt 0:00:21]} Qc7 {[%emt 0:01:00]} 12. f4 {[%emt 0:00:34]} O-O {[%emt 0:00:05]} 13. Qe1 {[%emt 0:01:14]} Rac8 {[%emt 0:01:09]} 14. Qg3 {[%emt 0:01:13]} Nxd4 {[%emt 0:00:07]} 15. Bxd4 {[%emt 0:00:04]} Bc6 {[%emt 0:00:01]} 16. e5 {[%emt 0:01:36]} dxe5 {[%emt 0:00:11]} 17. Bxe5 {[%emt 0:00:04]} Qa5 {[%emt 0:01:21]} 18. f5 {[%emt 0:00:30]} Bd5 {[%emt 0:03:43]} 19. fxe6 {[%emt 0:02:12]} fxe6 {[%emt 0:00:04]} 20. Bd3 {[%emt 0:00:18]} g5 {[%emt 0:04:54]} 21. Nxd5 {[%emt 0:01:06]} Qxd5 {[%emt 0:00:40]} 22. Rae1 {[%emt 0:00:17]} Nh5 {[%emt 0:00:38]} 23. Rxf8+ {[%emt 0:01:02]} Rxf8 {[%emt 0:00:13]} 24. Qh3 {[%emt 0:00:01]} Nf4 {[%emt 0:00:24]} 25. Bxf4 {[%emt 0:00:09]} gxf4 {[%emt 0:00:06]} 26. Qxh6 {[%emt 0:00:03]} Rf7 {[%emt 0:00:01]} 27. Qxe6 {[%emt 0:01:07]} Qxe6 {[%emt 0:00:03]} 28. Rxe6 {[%emt 0:00:01]} Kg7 {[%emt 0:00:02]} 29. Rg6+ {[%emt 0:00:09]} Kf8 {[%emt 0:00:03]} 30. Bc4 {[%emt 0:00:06]} Rg7 {[%emt 0:00:01]} 31. Rxg7 {[%emt 0:00:04]} Kxg7 {[%emt 0:00:01]} 32. c3 {[%emt 0:00:05]} a5 {[%emt 0:00:01]} 33. Kg1 {[%emt 0:00:02]} Bc5+ {[%emt 0:00:02]} 34. Kf1 {[%emt 0:00:01]} Kf6 {[%emt 0:00:02]} 35. Ke2 {[%emt 0:00:01]} Bg1 {[%emt 0:00:01]} 36. h4 {[%emt 0:00:07]} b6 {[%emt 0:00:03]} 37. Kf3 {[%emt 0:00:01]} Bh2 {[%emt 0:00:05]} 38. Ke4 {[%emt 0:00:10]} Bg3 {[%emt 0:00:02]} 39. h5 {[%emt 0:00:01]} Kg5 {[%emt 0:00:01]} 40. Be2 {[%emt 0:00:06]} Bf2 {[%emt 0:00:03]} 41. Kd5 {[%emt 0:00:03]} Be3 {[%emt 0:00:03]} 42. Kc4 {[%emt 0:00:08]} Bc1 {[%emt 0:00:03]} 43. b4 {[%emt 0:00:01]} Bd2 {[%emt 0:00:03]} 44. Bf3 {[%emt 0:00:13]} Be1 {[%emt 0:00:03]} 45. bxa5 {[%emt 0:00:32]} bxa5 {[%emt 0:00:02]} 46. Kd4 {[%emt 0:00:01]} Kf5 {[%emt 0:00:24]} 47. c4 {[%emt 0:00:01]} Bb4 {[%emt 0:00:04]} 48. Kd5 {[%emt 0:00:01] Ke5+} 1-0

[Event "Elite Hotels Open 2019"]
[Site "Vaxjo"]
[Date "2019.02.08"]
[Round "2.8"]
[White "Olsson, William"]
[Black "Brynell, Stellan"]
[Result "0-1"]
[WhiteElo "2011"]
[BlackElo "2400"]
[Annotator "TA"]
[PlyCount "76"]
[EventDate "2019.02.08"]
[EventType "swiss"]
[EventCountry "SWE"]
[SourceTitle "playchess.com"]
[Source "ChessBase"]
[SourceQuality "1"]

{[%evp 9,76,6,13,12,30,6,30,0,0,-7,-14,-9,-13,-29,-21,-32,-32,-50,-15,-33,-23,-39,-14,-24,-20,-13,-26,-50,-3,-7,-9,-40,0,-130,-132,-136,-133,-127,-130,-143,-139,-131,-153,-141,-110,-114,-57,-86,-86,-193,-193,-193,-193,-456,-193,-260,-195,-791,-366,-337,-182,-1625,-1405,-1210,-1016,-29984,-29985,-29992,-29993]} 1. d4 e6 2. Nf3 Nf6 3. Bf4 d5 4. e3 Bd6 5. Nbd2 {[%cal Bb1d2,Bd2f3,Bf3g5][%mdl 32]} O-O 6. Bd3 {D02: 1 d4 d5 2 Nf3 sidelines, including 2...Nf6 3 g3 and 2...Nf6 3 Bf4} c5 7. c3 (7. dxc5 Bxc5 8. c4 dxc4 9. Nxc4 Bb4+ 10. Ke2 Be7 11. Rc1 Nc6 12. Qb3 Nh5 13. Bg3 h6 {1-0 (53) Inarkiev,E (2693)-Riazantsev,A (2649) Moscow 2018}) 7... b6 8. Ne5 {White has an edge.} Qc7 9. Ndf3 Ba6 10. Bxa6 Nxa6 11. Qd3 $146 ({Predecessor:} 11. O-O Nb8 12. Bg3 Nbd7 13. Nxd7 Nxd7 14. Qd3 c4 {0-1 (45) Binkowska,A (1758)-Kasperek,K (1579) Karpacz 2015}) 11... c4 12. Qc2 b5 13. Ng5 Nb8 14. O-O h6 15. Ngf3 Nbd7 16. b3 cxb3 17. axb3 Rfc8 18. Rfc1 Nb6 19. Qd3 a6 20. Nd2 Nh5 21. c4 (21. g3 $11 {keeps the balance.}) 21... Nxf4 $17 22. exf4 bxc4 23. bxc4 Bxe5 24. fxe5 {Black should prevent c5.} Nxc4 25. Nxc4 dxc4 26. Qc3 Qc6 27. Ra5 Qe4 ({Black should try} 27... Qb6 $17 28. g3 Rc7) 28. Ra4 {[#]} a5 $1 {[%mdl 512]} 29. Rxc4 (29. h3 $17) (29. Rxa5 Rxa5) 29... Rxc4 $19 30. Qxc4 $17 {[%mdl 4096] Endgame KQR-KQR} a4 31. Ra1 $2 (31. h4 {was necessary.}) 31... a3 (31... Rb8 $142 32. Rf1 a3) 32. h3 {[#]} (32. h4 $142) 32... a2 $1 $19 {[%mdl 512]} 33. Qc3 $2 (33. Qb3) (33. Rxa2 Qb1+) 33... Qe2 (33... Qb1+ $142 34. Kh2 Rb8) 34. Qb3 g6 (34... Kh7 $142 35. f3 Qd2) 35. Qc3 $2 (35. d5 exd5 36. Qxd5) 35... Rb8 36. Kh2 Qxf2 37. Qa5 Qf4+ 38. Kg1 Rb1+ {[%mdl 64] Double Attack. Accuracy: White = 22%, Black = 45%.} 0-1

[Event "Elite Hotels Open 2019"]
[Site "Vaxjo"]
[Date "2019.02.08"]
[Round "2.9"]
[White "Jepson, Christian"]
[Black "Eriksson, Lennarth"]
[Result "1-0"]
[WhiteElo "2389"]
[BlackElo "2007"]
[Annotator "TA"]
[PlyCount "35"]
[EventDate "2019.02.08"]
[EventType "swiss"]
[EventCountry "SWE"]
[SourceTitle "playchess.com"]
[Source "ChessBase"]
[SourceQuality "1"]

{[%evp 9,35,54,82,40,56,16,92,26,27,18,30,35,498,503,1038,1047,1252,1267,1236,1229,1159,1018,1064,1052,1040,1022,1162,891]} 1. d4 d6 2. Nf3 f5 3. Nc3 Nf6 4. Bg5 Nbd7 5. Qd3 g6 {LiveBook: 32 Games} 6. h4 {A80: Dutch Defence: Unusual White second moves} (6. h3 Bg7 7. g4 Nb6 8. O-O-O O-O 9. Bxf6 exf6 10. Rg1 d5 11. e3 c6 12. g5 Nc4 13. h4 {1-0 (44) Cordova,E (2655)-Fedoseev,V (2658) Saint Louis 2017}) 6... c6 $146 ({Predecessor:} 6... h6 7. Bf4 Nh5 8. e3 Ndf6 9. Be2 c6 10. Nd2 Be6 11. Bh2 Qa5 12. b4 Qc7 13. f3 {0-1 (44) Wortmann,K (2084)-Bomans,A (2270) Goch 2015}) 7. h5 Bg7 (7... Nxh5 $11 {keeps the balance.} 8. e4 Ndf6) 8. e4 (8. h6 $16 Bf8 9. e4) 8... Nxe4 9. Nxe4 fxe4 10. Qxe4 Nf8 $2 {[%mdl 8192] [#]} ({Black should play} 10... Nf6 $14 11. Bxf6 Bxf6) 11. h6 $18 {White is clearly winning.} Bf5 (11... Bxh6 $142 12. Rxh6 Bf5) 12. hxg7 Bxe4 13. gxh8=Q Qa5+ 14. Bd2 Qf5 15. Bd3 O-O-O 16. O-O-O Bxd3 17. cxd3 Qxd3 18. d5 1-0

[Event "Elite Hotels Open 2019"]
[Site "Vaxjo"]
[Date "2019.02.08"]
[Round "2.10"]
[White "Wernberg, Hugo"]
[Black "Lindgren, Philip"]
[Result "1/2-1/2"]
[WhiteElo "1994"]
[BlackElo "2379"]
[Annotator "TA"]
[PlyCount "81"]
[EventDate "2019.02.08"]
[EventType "swiss"]
[EventCountry "SWE"]
[SourceTitle "playchess.com"]
[Source "ChessBase"]
[SourceQuality "1"]

{[%evp 22,81,20,14,28,19,25,22,27,15,15,0,0,0,15,15,10,10,49,56,50,57,78,70,83,6,12,0,6,0,0,0,57,47,163,0,0,0,0,0,0,0,0,0,0,0,0,0,0,0,0,0,0,0,0,0,0,0,0,0,0,0]} 1. e4 e5 2. Nf3 Nc6 3. Nc3 Nf6 4. d4 exd4 5. Nxd4 Bb4 6. Nxc6 bxc6 7. Bd3 O-O 8. O-O d5 9. exd5 cxd5 10. Bg5 Be6 11. Qf3 Be7 12. h3 Rb8 {C47: Scotch Four Knights and Four Knights with 4 g3} 13. b3 h6 14. Bf4 Bd6 15. Ne2 c5 16. Bxd6 $146 ({Predecessor:} 16. Rad1 a5 17. Ng3 a4 18. Rfe1 Bxf4 19. Qxf4 Rb4 20. Qf3 Qc7 21. c3 {1-0 (43) Khatanbaatar,B (2329)-Filippov,A (2634) Al Ain 2013}) 16... Qxd6 17. Nf4 Rfe8 18. Rad1 d4 19. c3 Bd7 20. cxd4 cxd4 21. Ne2 Qa3 22. Bc4 Qxa2 {[#]} 23. Rxd4 (23. Ra1 $1 $16 {[%cal Ra1a2]} Qd2 24. Rfd1) 23... Be6 $11 {And now ...Bxc4 would win.} 24. Nc3 Qc2 25. Rfd1 Bxc4 26. bxc4 Rb3 (26... a5 $11) 27. R4d3 $14 Reb8 (27... Re6 $14) 28. Nd5 $2 {[#]} (28. c5 $18) 28... Nxd5 $11 {The position is equal.} 29. cxd5 Qxd1+ 30. Qxd1 Rb1 31. Qxb1 (31. d6 {with more complications.} Rxd1+ 32. Rxd1 Kf8 33. Ra1 Rb7 34. Ra6) 31... Rxb1+ {[%mdl 4096] Endgame KR-KR} 32. Kh2 Rb7 33. Kg3 Kf8 34. Ra3 Ke7 35. Ra6 Rd7 36. Kf4 Rxd5 37. Rxa7+ Kf6 38. Ra6+ Ke7 39. Ra7+ Ke6 40. Ra6+ Ke7 41. Ra7+ {Accuracy: White = 62%, Black = 65%.} 1/2-1/2

[Event "Elite Hotels Open 2019"]
[Site "Vaxjo"]
[Date "2019.02.08"]
[Round "2.11"]
[White "Lindberg, Bengt"]
[Black "Garcia Gonzalez, Emilio Angel"]
[Result "1-0"]
[WhiteElo "2377"]
[BlackElo "1984"]
[Annotator "TA"]
[PlyCount "67"]
[EventDate "2019.02.08"]
[EventType "swiss"]
[EventCountry "SWE"]
[SourceTitle "playchess.com"]
[Source "ChessBase"]
[SourceQuality "1"]

{[%evp 18,67,60,57,91,91,100,98,240,81,125,118,122,109,159,85,174,172,230,155,157,160,184,160,281,260,262,230,404,394,394,362,365,352,505,503,565,661,651,660,526,662,658,644,775,563,523,525,29979,801,746,723]} 1. e4 c5 2. Nf3 {[%cal Bg1f3,Bf3d4,Bd4c2,Bc2a3,Ba3b5][%mdl 32]} g6 3. d4 cxd4 4. Nxd4 Nc6 5. c4 Nf6 6. Nc3 d6 7. Nc2 Bg7 8. Be2 O-O 9. O-O a5 {B37: Sicilian: Maroczy Bind with 5...Bg7, sidelines} (9... Nd7 10. Bd2 a5 11. Re1 Nc5 12. Bf1 Ne5 13. Be3 Be6 14. Bd4 a4 15. Ne3 Bd7 16. Qd2 Ne6 17. Ne2 Nxd4 18. Nxd4 Nc6 {0-1 (56) Inarkiev,E (2693)-Mamedov,R (2703) St Petersburg 2018}) 10. Na3 {LiveBook: 7 Games} Be6 11. Be3 Ne5 $146 {White is better.} ({Predecessor:} 11... Nd7 12. Nab5 f5 13. exf5 gxf5 14. Qd2 Kh8 15. Rac1 Bg8 16. Rfd1 Nc5 17. f3 {1-0 (43) Stankovic,M (2421)-Grabert,R (2239) Germany 2015}) 12. f3 Nfd7 (12... Rc8 $16) 13. Rc1 $2 (13. f4 $18 {and the rest is easy.}) 13... Nb6 {[%cal Rb6c4] [#]} 14. b3 $1 a4 15. Nab5 Nc6 16. Kh1 (16. Nd5 $142 Nd7 17. Qd2 (17. bxa4 Nc5 $14)) 16... Nd7 (16... axb3 $16 {is a better defense.} 17. axb3 Nd7) 17. Nxa4 $18 Qa5 (17... Nc5 $142) 18. Bd2 Qd8 19. Nac3 {[%cal Ba4c3,Bc3d5,Bd5b6][%mdl 32]} Nc5 20. a3 Qd7 (20... Na7 $16 21. Nxa7 Rxa7) 21. b4 Na6 22. Nd5 Rfc8 $2 {[#]} (22... Bxd5 {keeps fighting.} 23. cxd5 Nd4) 23. Nb6 Qe8 24. Nxa8 ({But not} 24. Nxc8 Qxc8 25. Bc3 Nc7 $18) 24... Rxa8 25. Bc3 Ne5 (25... f6 $142 26. f4 Qc8) 26. f4 {[%cal Bf3f4,Bf4e5][%mdl 32]} Bxc4 27. fxe5 Qxb5 28. Bxc4 Qxc4 29. exd6 Bxc3 30. dxe7 Re8 31. Qf3 Rxe7 32. Rxc3 Qxe4 33. Qxe4 (33. Rc8+ $142 Kg7 34. Qf6+ Kh6 35. Rc3 Qe6 36. Rh3+ Qxh3 37. gxh3 Rd7 38. Qf4+ Kg7 39. Qe5+ Kh6 40. Rf4) 33... Rxe4 34. b5 {Precision: White = 59%, Black =  9%.} 1-0